La condición física en la educación secundaria: una propuesta de desarrollo práctico hacia la autonomía del alumnado 3º y 4º de ESO
Salvato in:
| Autori principali: | , , , |
|---|---|
| Natura: | Libro |
| Lingua: | spagnolo |
| Pubblicazione: |
Barcelona
INDE Publicaciones
1997
|
| Edizione: | 1a. ed |
| Serie: | Cuaderno del Alumno
|
| Soggetti: | |
| Tags: |
Aggiungi Tag
Nessun Tag, puoi essere il primo ad aggiungerne!!
|
MARC
| LEADER | 00000nam a2200000 a 4500 | ||
|---|---|---|---|
| 001 | UCI9414 | ||
| 003 | CL-VaPUC | ||
| 008 | 081120e19970000sp |||||||||||||||||spa|d | ||
| 020 | |a 8487330665 | ||
| 082 | 0 | 4 | |a 796.077 |b RUE |2 21 |
| 100 | 0 | |a Rueda Maza, Angel |e author |9 533145 | |
| 700 | 0 | |a Frías Gómez, Gregorio |e author |9 533146 | |
| 700 | 0 | |a Quintana de Diego, Ramón M |e author |9 533147 | |
| 700 | 0 | |a Portilla Lezcano, José Luis |e author |9 533148 | |
| 245 | 1 | 3 | |a La condición física en la educación secundaria: una propuesta de desarrollo práctico hacia la autonomía del alumnado 3º y 4º de ESO |
| 250 | |a 1a. ed | ||
| 300 | |a 130 p | ||
| 942 | |c BK | ||
| 945 | |d 20081120 00:00:00 |a rbrito | ||
| 260 | |a Barcelona |b INDE Publicaciones |c 1997 | ||
| 500 | |a Texto corresponde a Material complementario | ||
| 650 | 0 | |a Educación física |9 240893 | |
| 650 | 0 | |a Aptitud física |9 373835 | |
| 650 | 7 | |a CONDICION FISICA |2 CL-VaPUC |9 373543 | |
| 583 | |a last modification |c 20171018 02:47:40 |k Rodrigo Vera | ||
| 490 | 0 | |a Cuaderno del Alumno | |
| 999 | |c 331951 |d 331949 | ||
| 952 | |0 0 |1 0 |4 0 |6 796_077000000000000_RUE_1997 |7 0 |8 A |9 419199 |a BIBEDU |b BIBEDU |d 2019-11-22 |i 4497414 |o 796.077 RUE 1997 |p 4497414 |r 2019-11-22 |w 2019-11-22 |y BK |k EFI | ||